HEALING THROUGH NATURAL FOODS (Record no. 22285)
[ view plain ]
| 000 -LEADER | |
|---|---|
| fixed length control field | 00369nam a22001577a 4500 |
| 003 - CONTROL NUMBER IDENTIFIER | |
| control field | SGT |
| 020 ## - INTERNATIONAL STANDARD BOOK NUMBER | |
| International Standard Book Number | 81-7224-860-1 |
| 082 ## - DEWEY DECIMAL CLASSIFICATION NUMBER | |
| Classification number | 616.7220 |
| Item number | H17B |
| 100 ## - MAIN ENTRY--PERSONAL NAME | |
| Personal name | BAKHRU, H.K |
| 245 ## - TITLE STATEMENT | |
| Title | HEALING THROUGH NATURAL FOODS |
| 260 ## - PUBLICATION, DISTRIBUTION, ETC. (IMPRINT) | |
| Place of publication, distribution, etc | AHMEDABAD |
| Name of publisher, distributor, etc | JAICO PUB |
| Year of Publication | 2017 |
| 300 ## - PAGE DESCRIPTION | |
| No. of Pages | 255 |
| 650 ## - SUBJECT ADDED ENTRY--TOPICAL TERM | |
| Topical term or geographic name as entry element | NUTRITION |
| 653 ## - KEYWORDS--INDEX TERM | |
| Keyword term | HELING, FOOD, DIET, NUTRITION |
| 942 ## - ADDED ENTRY ELEMENTS (KOHA) | |
| Source of classification or shelving scheme | Dewey Decimal Classification |
| Koha item type | Books |
| 942 ## - ADDED ENTRY ELEMENTS (KOHA) | |
| -- | 9 |
| Withdrawn status | Lost status | Source of classification or shelving scheme | Damaged status | Not for loan | Collection code | Home library | Current library | Shelving location | Date acquired | Vendor Name | Cost, normal purchase price | SGTU | Bill Number | Total Checkouts | Full call number | Accession No. (Barcode) | Date last seen | Date last borrowed | Bill Date | Koha item type | Use restrictions |
|---|---|---|---|---|---|---|---|---|---|---|---|---|---|---|---|---|---|---|---|---|---|
| Dewey Decimal Classification | AYURVEDA | SGT FA-FP Library | SGT FA-FP Library | Text Book | 26/02/2022 | SAVERA BOOK DISTRIBUTERS | 350.00 | SGTU | 21-22/CRB/437 | 5 | 616.7220 H17B | FA10909 | 03/06/2024 | 28/05/2024 | 13/01/2022 | Books | |||||
| Dewey Decimal Classification | AYURVEDA | SGT FA-FP Library | SGT FA-FP Library | Text Book | 26/02/2022 | SAVERA BOOK DISTRIBUTERS | 350.00 | SGTU | 21-22/CRB/437 | 7 | 616.7220 H17B | FA10910 | 28/08/2024 | 14/08/2024 | 13/01/2022 | Books | |||||
| Dewey Decimal Classification | AYURVEDA | SGT FA-FP Library | SGT FA-FP Library | Text Book | 26/02/2022 | SAVERA BOOK DISTRIBUTERS | 350.00 | SGTU | 21-22/CRB/437 | 1 | 616.7220 H17B | FA10911 | 31/07/2023 | 18/07/2023 | 13/01/2022 | Books | |||||
| Dewey Decimal Classification | AYURVEDA | SGT FA-FP Library | SGT FA-FP Library | Text Book | 26/02/2022 | SAVERA BOOK DISTRIBUTERS | 350.00 | SGTU | 21-22/CRB/437 | 5 | 616.7220 H17B | FA10912 | 25/10/2023 | 10/10/2023 | 13/01/2022 | Books | |||||
| Dewey Decimal Classification | AYURVEDA | SGT FA-FP Library | SGT FA-FP Library | Reference Book | 26/02/2022 | SAVERA BOOK DISTRIBUTERS | 350.00 | SGTU | 21-22/CRB/437 | 616.7220 H17B | FA10913 | 26/02/2022 | 13/01/2022 | Books | Restricted Access | ||||||
| Dewey Decimal Classification | AYURVEDA | SGT FA-FP Library | SGT FA-FP Library | Text Book | 26/02/2022 | SAVERA BOOK DISTRIBUTERS | 350.00 | SGTU | 21-22/CRB/437 | 2 | 616.7220 H17B | FA10914 | 01/04/2022 | 28/03/2022 | 13/01/2022 | Books |